Lanean...
مدائن الفجر
| Egile nagusia: | |
|---|---|
| Formatua: | Printed Book |
| Hizkuntza: | Arabic |
| Argitaratua: |
دار البشير
|
| LEADER | 00440nam a22001337a 4500 | ||
|---|---|---|---|
| 008 | 160608b xxu||||| |||| 00| 0 ara d | ||
| 082 | |a 811.932 | ||
| 100 | |a صابر عبد الدايم | ||
| 245 | |a مدائن الفجر | ||
| 260 | |a دار البشير | ||
| 500 | |a شعر مصر | ||
| 942 | |c BK | ||
| 999 | |c 176083 |d 176083 | ||
| 952 | |0 0 |1 0 |4 0 |6 811_932000000000000 |7 0 |9 195115 |a ARA |b ARA |c ST1 |d 2016-06-08 |i 5241 |l 0 |o 811.932 |p ARA5241 |r 2016-06-08 |w 2016-06-08 |y BK | ||